Statistics for Animals by tails - Picture quiz

Click here to take the quiz!

General Stats

  • This quiz has been taken 91 times
  • The average score is 10 of 16

Answer Stats

Answer% Correct
Peacock
99%
Humpback Whale
97%
Rabbit
88%
Scorpion
85%
Rattlesnake
82%
Lemur
78%
Fox
78%
Pig
75%
Leopard
75%
Racoon
48%
Pheasant
47%
Whale Shark
45%
Lionfish
27%
Pangolin
26%
Spider Monkey
18%
Red Kite
7%

Score Distribution

Percentile by Number Answered

Percent of People with Each Score

Your Score History

You have not taken this quiz